Normal view
MARC view
Entry Personal Name
001 - CONTROL NUMBER
- control field: 602
003 - CONTROL NUMBER IDENTIFIER
- control field: BD-RjUL
005 - DATE AND TIME OF LATEST TRANSACTION
- control field: 20220109142622.0
008 - FIXED-LENGTH DATA ELEMENTS
- fixed length control field: 220109|| aca||aabn | a|a d
040 ## - CATALOGING SOURCE
- Original cataloging agency: BD-RjUL
- Transcribing agency: BD-RjUL
100 ## - HEADING--PERSONAL NAME
- Personal name: Suyūṭī,
- Dates associated with a name: 1445-1505.
- Title of a work: Jāmiʿ al-ṣaghīr
670 ## - SOURCE DATA FOUND
- Source citation: Work cat.: (BD-RjUL)77962: Suyūṭī, 1445-1505. 245079, al-Jāmiʿ al-ṣaghīr fī aḥādīth al-bashīr al-nadhīr /, 2005